Missing Word: Movies, Books & Music (J) Quiz Stats

 Plays Quiz Updated Jul 18, 2018

Score 0/21 Timer 02:00
1 Play Today
Hint Answer % Correct
MusicJet
96.7%
BooksJourney
93.9%
MoviesJob
91.6%
BooksJames
91.5%
MoviesJacket
91.1%
MoviesJeepers
89.5%
BooksJurassic
88.6%
MoviesJazz
87.7%
MoviesJimmy
81.9%
BooksJones's
78.8%
MusicJagger
75.9%
Hint Answer % Correct
MoviesJudgment
71.5%
BooksJar
71.2%
MusicJive
65.4%
BooksJude
45.6%
MusicJailhouse
39.1%
BooksJonestown
38.7%
MoviesJennifer's
34.3%
MusicJapanese
32.1%
MusicJesus
31.2%
MusicJealous
21.1%

Today's Daily Dose

You're not logged in!

Compare scores with friends on all Sporcle quizzes.
OR
Log In

Sporcle TV

Today on Sporcle TV


Watch our educational content, quiz creation guides, and fun videos on Sporcle TV.

Show Comments

Extras

Top Quizzes Today


Score Distribution

Your Account Isn't Verified!

In order to create a playlist on Sporcle, you need to verify the email address you used during registration. Go to your Sporcle Settings to finish the process.

Report this User

Report this user for behavior that violates our Community Guidelines.

Details: